00816nam a2200205 a 450000100100000000500170001000800410002702000150006804000250008308200080010824500610011626000710017730000200024850000690026871000370033771000800037471000310045495201080048599900170059300004182520201002035757.0131018s1993 fr 000 0 spa d a2831701384 aDO-SdBNPbspacBNPHU axxx00aDirectrices sobre conservación de plantas medicinales. aGland, Suiza :bGland : IUCN ; Ginebra : OMS ; Gland : WWF,c1993. a55 p. ;c30 cm. aIncluye referencias bibliograficas y notas al pie de las paginas12aWorld Health Organization96870012aInternational Union for Conservation of Nature and Natural Resources96870112aWorld Wildlife Fund968702 001050718MOaGRbGRcHDd2013-10-18iLF1l0oxxx p41825-10r2020-06-25w2020-06-25y1ZNo se presta c41314d41314